<?xml version="1.0" encoding="UTF-8"?>
<record
    xmlns:xsi="http://www.w3.org/2001/XMLSchema-instance"
    xsi:schemaLocation="http://www.loc.gov/MARC21/slim http://www.loc.gov/standards/marcxml/schema/MARC21slim.xsd"
    xmlns="http://www.loc.gov/MARC21/slim">

  <leader>01874    a2200241   4500</leader>
  <datafield tag="952" ind1=" " ind2=" ">
    <subfield code="0">0</subfield>
    <subfield code="1">0</subfield>
    <subfield code="2">LCC</subfield>
    <subfield code="4">0</subfield>
    <subfield code="7">0</subfield>
    <subfield code="8">NFIC</subfield>
    <subfield code="a">CCL</subfield>
    <subfield code="b">CCL</subfield>
    <subfield code="c">GEN</subfield>
    <subfield code="d">2023-05-16</subfield>
    <subfield code="i">027600</subfield>
    <subfield code="l">1</subfield>
    <subfield code="o">HM1033.TAK 2007</subfield>
    <subfield code="p">027600</subfield>
    <subfield code="r">2023-05-22 00:00:00</subfield>
    <subfield code="s">2023-05-16</subfield>
    <subfield code="t">c.1</subfield>
    <subfield code="w">2023-05-16</subfield>
    <subfield code="y">BK</subfield>
  </datafield>
  <datafield tag="999" ind1=" " ind2=" ">
    <subfield code="c">10890</subfield>
    <subfield code="d">10890</subfield>
  </datafield>
  <datafield tag="020" ind1=" " ind2=" ">
    <subfield code="a">9780078050367</subfield>
  </datafield>
  <datafield tag="050" ind1="0" ind2="0">
    <subfield code="a">HM1033</subfield>
    <subfield code="b">.TAK 2007</subfield>
  </datafield>
  <datafield tag="100" ind1=" " ind2=" ">
    <subfield code="a">Nier, Jason</subfield>
    <subfield code="e">author</subfield>
  </datafield>
  <datafield tag="245" ind1="0" ind2="0">
    <subfield code="a">Taking sides :</subfield>
    <subfield code="b">clashing views in social psychology /</subfield>
    <subfield code="c">Jason A. Nier</subfield>
  </datafield>
  <datafield tag="250" ind1=" " ind2=" ">
    <subfield code="a">Fourth edition </subfield>
  </datafield>
  <datafield tag="264" ind1=" " ind2=" ">
    <subfield code="a">New York, NY :</subfield>
    <subfield code="b">McGraw-Hill, </subfield>
    <subfield code="c"></subfield>
  </datafield>
  <datafield tag="300" ind1=" " ind2=" ">
    <subfield code="a">xxviii, 478 pages : </subfield>
    <subfield code="b">illustrations ; 24 cm.</subfield>
  </datafield>
  <datafield tag="336" ind1=" " ind2=" ">
    <subfield code="2">rdacontent</subfield>
    <subfield code="a">text</subfield>
    <subfield code="b">txt</subfield>
  </datafield>
  <datafield tag="337" ind1=" " ind2=" ">
    <subfield code="2">unmediated</subfield>
    <subfield code="a">rdamedia</subfield>
    <subfield code="b">n</subfield>
  </datafield>
  <datafield tag="338" ind1=" " ind2=" ">
    <subfield code="2">volume</subfield>
    <subfield code="a">rdacarrier</subfield>
    <subfield code="b">nc</subfield>
  </datafield>
  <datafield tag="500" ind1=" " ind2=" ">
    <subfield code="a">Selected, edited and with introductions by: Jason A. Nier.</subfield>
  </datafield>
  <datafield tag="505" ind1=" " ind2=" ">
    <subfield code="a">Is deception of human participants ethical?
Should social psychologists try to solve social problems?
Can experimental social psychology and social constructionism coexist?
Are our social perceptions often inaccurate?
Does cognitive dissonance explain why behavior can change attitudes?
Are self-esteem improvement programs misguided?
Is the millennial generation more narcissistic than other generations?
Can people accurately detect lies?
Should research from social cognitive neuroscience be used to inform public policy?
Do positive illusions lead to healthy behavior?
Do Milgram's obedience experiments help explain the nature of the Holocaust?
Is it possible to truly replicate Mildram's obedience experiments?
Does the Stanford prison experiment help explain the effects of imprisonment?
Is subliminal persuasion a myth?
Can people really be brainwashed?
Is stereotyping inevitable?
Does the Implicit Association Test (IAT) measure racial prejudice?
Can stereotypes lead to accurate perceptions of others?
Does true altruism exist?
Does media violence cause aggression?</subfield>
  </datafield>
  <datafield tag="650" ind1=" " ind2="0">
    <subfield code="a">Social psychology</subfield>
  </datafield>
  <datafield tag="650" ind1=" " ind2="0">
    <subfield code="a">Social perception </subfield>
  </datafield>
  <datafield tag="650" ind1=" " ind2="0">
    <subfield code="a"> Social influence </subfield>
  </datafield>
  <datafield tag="700" ind1="1" ind2=" ">
    <subfield code="a">Nier, Jason A.</subfield>
    <subfield code="e">author</subfield>
  </datafield>
  <datafield tag="942" ind1=" " ind2=" ">
    <subfield code="2">lcc</subfield>
    <subfield code="c">BK</subfield>
    <subfield code="h">1033</subfield>
    <subfield code="i">TAK</subfield>
    <subfield code="k">HM</subfield>
  </datafield>
</record>
